000 00767nam a2200313Ia 4500
008 210210b2011 xxu||||| |||| 00| 0 eng d
020 _a9780195340372
041 _aeng
082 _a658.15 BAKS
100 _aBAKER (H Kent)
245 _aSurvey research in corporate finance
_bBridging the gap between theory and practice
260 _aNew York
_bOxford University Press
_c2011
300 _avii,451
650 _atheory
650 _athe
650 _aSurvey
650 _aresearch
650 _apractice
650 _ain
650 _agap
650 _afinance
650 _acorporate
650 _aBridging
650 _abetween
650 _aand
690 _aFinancial Management
700 _aSINGLETON (J Clay)
906 _a066033
999 _c146766
_d146766